[Event "32nd ch-BAN"]
[Site "Dhaka BAN"]
[Date "2006.03.14"]
[Round "5"]
[White "Hossain,Enam"]
[Black "Hossain,Enay"]
[Result "1-0"]
[WhiteElo "2468"]
[BlackElo "2110"]
[EventDate "2006.03.10"]

1. e4 d5 2. exd5 Qxd5 3. Nc3 Qd8 4. d4 Nf6 5. Nf3 Bg4 6. h3 Bh5 7. g4 Bg6
8. Ne5 e6 9. Bg2 c6 10. h4 Bb4 11. h5 Be4 12. Bxe4 Nxe4 13. Qd3 Qd5 14. f3
Nxc3 15. bxc3 Ba5 16. h6 g6 17. Bf4 Nd7 18. Nc4 O-O 19. Kf2 Bb6 20. Ne3 Qa5
21. a4 Rfe8 22. Nc4 Qa6 23. a5 Bd8 24. Rhb1 Be7 25. Rb2 Red8 26. Rab1 e5
27. Nxe5 Nxe5 28. Bxe5 Qxa5 29. Rxb7 Bh4+ 30. Kg2 Qd5 31. Qa6 Re8 32. Rxa7
Rxa7 33. Qxa7 Qc4 34. Kh3 Bg5 35. Qb8 Rd8 36. Bc7 Rf8 37. Bd6 Rd8 38. Bf4
f5 39. Qe5 fxg4+ 40. Kxg4 1-0

[Event "32nd ch-BAN"]
[Site "Dhaka BAN"]
[Date "2006.03.14"]
[Round "5"]
[White "Abdulla,AlR"]
[Black "Abdul,Mal"]
[Result "1-0"]
[WhiteElo "2477"]
[BlackElo "2233"]
[EventDate "2006.03.10"]

1. d4 d5 2. c4 c6 3. Nf3 Nf6 4. e3 Bf5 5. Bd3 Bxd3 6. Qxd3 Nbd7 7. O-O Qc7
8. cxd5 cxd5 9. Bd2 Rc8 10. Na3 a6 11. Rac1 Qb8 12. Rxc8+ Qxc8 13. Rc1 Qb8
14. Qc2 1-0

[Event "32nd ch-BAN"]
[Site "Dhaka BAN"]
[Date "2006.03.14"]
[Round "5"]
[White "Hasan,Me"]
[Black "Hasan Md,E"]
[Result "1-0"]
[WhiteElo "2349"]
[BlackElo "2147"]
[EventDate "2006.03.10"]

1. e4 d6 2. d4 Nf6 3. Nc3 g6 4. Be3 Bg7 5. Qd2 O-O 6. h3 Nc6 7. Nf3 e5 8.
O-O-O Nd7 9. Bh6 exd4 10. Bxg7 Kxg7 11. Nxd4 Nxd4 12. Qxd4+ Qf6 13. Nb5 c5
14. Qxd6 Qxf2 15. Bc4 Qe3+ 16. Kb1 Qxe4 17. Nc7 Rb8 18. Bb5 Rd8 19. Rhe1
Qb4 20. Qe7 a6 21. a3 Qf4 1-0

[Event "32nd ch-BAN"]
[Site "Dhaka BAN"]
[Date "2006.03.14"]
[Round "5"]
[White "Murshed,N"]
[Black "Hossain,D"]
[Result "1-0"]
[WhiteElo "2460"]
[BlackElo "2136"]
[EventDate "2006.03.10"]

1. e4 d6 2. d4 Nf6 3. Nc3 g6 4. Be3 Bg7 5. Qd2 O-O 6. f3 e5 7. d5 c6 8. Bc4
b5 9. Bb3 b4 10. Nce2 c5 11. a3 bxa3 12. Rxa3 Nbd7 13. Ba4 Nb6 14. b3 Bd7
15. Bxd7 Nfxd7 16. Nc3 a6 17. Nge2 h6 18. O-O Kh7 19. Rfa1 Qc8 20. Na4 Qb7
21. Nb2 Rfc8 22. Nc3 Nf6 23. Kh1 Ne8 24. Ne2 Nc7 25. c4 Ne8 26. Nd3 Ra7 27.
g4 Rca8 28. Ra5 Qe7 29. Nb4 Nc7 30. Nc6 Qf6 31. Kg2 Rb7 32. g5 hxg5 33.
Bxg5 Bh6 34. Bxh6 g5 35. Bxg5 Rg8 36. h4 Nbxd5 37. exd5 e4 38. Qf4 Qxf4 39.
Nxf4 f6 40. Ne7 exf3+ 41. Kf2 fxg5 42. Nxg8 gxf4 43. Nf6+ Kg6 44. Ne4 Rxb3
45. Nxd6 1-0

[Event "32nd ch-BAN"]
[Site "Dhaka BAN"]
[Date "2006.03.16"]
[Round "6"]
[White "Abu Sufian,S"]
[Black "Hossain,D"]
[Result "1-0"]
[WhiteElo "2278"]
[BlackElo "2136"]
[EventDate "2006.03.10"]

1. e4 e5 2. Nf3 Nc6 3. Bb5 a6 4. Ba4 Nf6 5. O-O b5 6. Bb3 Be7 7. Re1 O-O 8.
h3 d6 9. c3 Na5 10. Bc2 c5 11. d4 Qc7 12. Nbd2 Nc6 13. d5 Nb8 14. a4 Bb7
15. b3 Nbd7 16. Nf1 Rfe8 17. g4 g6 18. Ng3 Kh8 19. Kg2 Bf8 20. Rh1 Bg7 21.
g5 Ng8 22. h4 Ne7 23. h5 Kg8 24. Nh2 f5 25. gxf6 Nxf6 26. hxg6 hxg6 27. c4
Qd7 28. Nf3 Nh7 29. Rxh7 Kxh7 30. Ng5+ Kg8 31. Qh1 Kf8 32. Ne6+ Kg8 33. Ng5
Kf8 34. Qh7 Ng8 35. Qxg6 Nf6 36. Nf5 bxc4 37. Nxg7 Qxg7 38. Ne6+ Rxe6 39.
Bh6 Nxd5 40. Qxg7+ Ke8 1-0

[Event "32nd ch-BAN"]
[Site "Dhaka BAN"]
[Date "2006.03.16"]
[Round "6"]
[White "Abdul,Mal"]
[Black "Hasan,Me"]
[Result "0-1"]
[WhiteElo "2233"]
[BlackElo "2349"]
[EventDate "2006.03.10"]

1. d4 d5 2. c4 c6 3. Nf3 Nf6 4. e3 a6 5. Nc3 b5 6. b3 Bg4 7. h3 Bh5 8. Be2
e6 9. Bd2 Nbd7 10. O-O Bd6 11. a4 b4 12. Na2 a5 13. Rc1 O-O 14. cxd5 cxd5
15. Ne1 Bg6 16. Nd3 Qb6 17. Qc2 Qa6 18. Rfd1 Rac8 19. Qb1 Bb8 20. Be1 Qd6
21. f4 Qb6 22. Rxc8 Rxc8 23. Rc1 Rc7 24. Rxc7 Qxc7 25. Qc1 Ne4 26. Qxc7
Bxc7 27. Ndxb4 axb4 28. Bxb4 Nd6 29. Nc3 Bc2 30. Nb5 Nxb5 31. Bxb5 Nf6 32.
a5 Ne4 33. a6 Bb6 34. Ba5 Ba7 35. b4 Nd6 36. Bd7 Bd3 37. Bc7 Nb5 38. Bd8
Kf8 39. Bc6 Nd6 40. f5 Bxa6 41. fxe6 fxe6 42. Kf2 Bb5 43. Bc7 Ne4+ 0-1

[Event "32nd ch-BAN"]
[Site "Dhaka BAN"]
[Date "2006.03.16"]
[Round "6"]
[White "Hossain,Enay"]
[Black "Abdulla,AlR"]
[Result "0-1"]
[WhiteElo "2110"]
[BlackElo "2477"]
[EventDate "2006.03.10"]

1. d4 d5 2. Bg5 f6 3. Bd2 Nc6 4. e3 e5 5. Bb5 exd4 6. exd4 Be6 7. Qe2 Kf7
8. Nf3 Qd7 9. O-O Re8 10. Re1 a6 11. Ba4 Nge7 12. c3 Ng6 13. Bc2 Bd6 14.
Qd3 Nce7 15. Be3 Bg4 16. Bd1 Bf5 17. Qf1 Nf4 18. Bxf4 Bxf4 19. Nbd2 Qb5 20.
Qxb5 axb5 21. Bb3 Ra8 22. g3 Bh6 23. Rad1 Rhd8 24. Nf1 Bg4 25. Kg2 c6 26.
Ne3 Bd7 27. h3 g6 28. Nh2 Re8 29. Neg4 Bg7 30. f4 Nf5 31. Nf1 Nd6 32. Nge3
h5 33. Re2 Bh6 34. Rde1 Kf8 35. a3 g5 36. fxg5 Bxg5 37. h4 Bh6 38. Bc2 Kf7
39. Nd2 Re7 40. Nef1 Rxe2+ 41. Rxe2 Rg8 42. Re1 Nf5 43. Bxf5 Bxf5 44. Kf2
Bd3 45. Ne3 Rg7 46. Nf3 Be4 47. Nd2 f5 48. Nxe4 Bxe3+ 49. Rxe3 fxe4 50. Kg2
Kg6 51. Kh3 Rf7 52. g4 Rf2 53. gxh5+ Kxh5 54. Rg3 Rxb2 55. Rg7 Rb3 56. Rh7+
Kg6 57. Rxb7 Rxa3 58. Kg4 Rxc3 59. h5+ Kh6 60. Rd7 Rc1 61. Rd6+ Kg7 62. Kg5
Rg1+ 63. Kf5 Rf1+ 64. Kg5 Rf7 65. Rxc6 Re7 66. Rb6 e3 67. Rg6+ Kh7 68. Rh6+
Kg8 69. Kf6 e2 70. Kxe7 e1=Q 71. Kd6 b4 72. Kxd5 b3 0-1

[Event "32nd ch-BAN"]
[Site "Dhaka BAN"]
[Date "2006.03.16"]
[Round "6"]
[White "Rahman,Zia"]
[Black "Hossain,Enam"]
[Result "0-1"]
[WhiteElo "2557"]
[BlackElo "2468"]
[EventDate "2006.03.10"]

1. Nf3 Nf6 2. c4 g6 3. Nc3 Bg7 4. e4 d6 5. d4 O-O 6. h3 e5 7. d5 a5 8. Be3
Na6 9. Nd2 Nd7 10. g4 f5 11. Nb3 b6 12. Rg1 f4 13. Bd2 Bf6 14. Qf3 Ndc5 15.
Nxc5 Nxc5 16. b3 Bd7 17. Be2 Bh4 18. O-O-O g5 19. Kb1 Qb8 20. Bc1 Be8 21.
Qg2 b5 22. f3 b4 23. Nb5 a4 24. Kc2 axb3+ 25. axb3 Ra2+ 26. Bb2 Qa8 27. Ra1
Nxb3 28. Rxa2 Qxa2 29. Rd1 Bd7 30. c5 Qa4 31. Kb1 Bxb5 0-1

[Event "32nd ch-BAN"]
[Site "Dhaka BAN"]
[Date "2006.03.16"]
[Round "6"]
[White "Rahman,SM"]
[Black "Ahmed,SN"]
[Result "0-1"]
[WhiteElo "2273"]
[BlackElo "2321"]
[EventDate "2006.03.10"]

1. e4 c5 2. Nf3 d6 3. d4 cxd4 4. Nxd4 Nf6 5. Nc3 a6 6. Be3 e6 7. f4 Qc7 8.
Bd3 Be7 9. O-O Nc6 10. Qf3 O-O 11. Rae1 Nb4 12. a3 Nxd3 13. cxd3 b5 14. Rc1
Qd7 15. g4 Qb7 16. g5 Nd7 17. b4 Re8 18. Nb3 Bd8 19. Rf2 Nf8 20. Qh5 Bd7
21. e5 Bb6 22. Bxb6 Qxb6 23. Ne4 dxe5 24. Nf6+ Kh8 25. Qxf7 Ng6 26. Nh5 Re7
0-1

[Event "32nd ch-BAN"]
[Site "Dhaka BAN"]
[Date "2006.03.16"]
[Round "6"]
[White "Hasan Md,E"]
[Black "Murshed,N"]
[Result "0-1"]
[WhiteElo "2147"]
[BlackElo "2460"]
[EventDate "2006.03.10"]

1. e4 g6 2. d4 Bg7 3. Nc3 c6 4. Be3 d6 5. Qd2 Nd7 6. Nf3 Qc7 7. Bd3 b5 8.
O-O Bb7 9. Ne2 a6 10. a4 c5 11. c3 c4 12. Bc2 Ngf6 13. Ng3 Ng4 14. axb5
Nxe3 15. Qxe3 axb5 16. Rxa8+ Bxa8 17. Ra1 O-O 18. d5 Bb7 19. h4 Qc5 20.
Qxc5 dxc5 21. Ra5 Ra8 22. Rxb5 Ra1+ 23. Kh2 Bh6 24. Rxc5 Nxc5 25. e5 Rc1
26. Be4 Nxe4 27. Nxe4 0-1

[Event "32nd ch-BAN"]
[Site "Dhaka BAN"]
[Date "2006.03.17"]
[Round "7"]
[White "Haque,R1"]
[Black "Abu Sufian,S"]
[Result "0-1"]
[WhiteElo "2193"]
[BlackElo "2278"]
[EventDate "2006.03.10"]

1. Nf3 d5 2. d3 Bg4 3. Nbd2 c5 4. e4 e6 5. Be2 Nc6 6. O-O Nf6 7. c3 Be7 8.
Re1 O-O 9. Qa4 Bh5 10. Nf1 Qc7 11. Ng3 Bg6 12. Nh4 Bd6 13. Bg5 Nd7 14. Nxg6
Nb6 15. Qc2 hxg6 16. Nf1 d4 17. g3 Nd7 18. Bd2 e5 19. h4 Rfe8 20. Nh2 Nf8
21. Nf3 Ne6 22. Kg2 b5 23. Rh1 f6 24. a3 Rab8 25. Nh2 a5 26. h5 g5 27. Bg4
Nf8 28. Bf5 Ne7 29. Bg4 Kh8 30. Qd1 Ng8 31. Bf5 Nh6 32. Bg6 Red8 33. Qf3
Be7 34. b3 a4 35. bxa4 bxa4 36. c4 Rb3 37. Bc1 Rdb8 38. Ra2 Qb6 39. Rd2 Rb1
40. Ng4 Qb3 41. Nxh6 gxh6 42. Bf5 Bd8 43. Bg4 Kg7 44. Rdd1 Qc2 45. Qe2 Qxe2
46. Bxe2 Ra1 47. Bg4 Kf7 48. Rd2 Rbb1 49. Rdd1 Rb3 50. Bc8 Ba5 51. Ba6 Nd7
52. Bb5 Nb6 53. Kf3 Bc3 54. Kg4 Rbb1 55. f4 Bb2 56. fxg5 Rxc1 57. g6+ Kg7
58. Rxc1 Rxc1 59. Rxc1 Bxc1 0-1

[Event "32nd ch-BAN"]
[Site "Dhaka BAN"]
[Date "2006.03.17"]
[Round "7"]
[White "Ahmed,SN"]
[Black "Reefat,S"]
[Result "0-1"]
[WhiteElo "2321"]
[BlackElo "2478"]
[EventDate "2006.03.10"]

1. e4 e6 2. d4 d5 3. Nc3 Nf6 4. e5 Nfd7 5. f4 c5 6. Nf3 Nc6 7. Be3 a6 8.
Qd2 b5 9. a3 g5 10. fxg5 cxd4 11. Nxd4 Ncxe5 12. Be2 Bb7 13. O-O Bd6 14.
Rae1 Qc7 15. Bf4 Ng6 16. Bxd6 Qxd6 17. Kh1 O-O 18. Nd1 f5 19. gxf6 Nxf6 20.
Nc3 e5 21. Nf5 Qc7 22. Bf3 Rad8 23. Qg5 e4 24. Bd1 d4 25. Ne2 Kh8 26. Nexd4
Qe5 27. c3 Nd5 28. Qg3 Ndf4 29. Nh4 Nxh4 30. Qxh4 Nd3 31. Bc2 Nxe1 32. Rxe1
Rd6 33. h3 Rf4 34. Nf3 Rxh4 35. Nxe5 Rd2 36. Bd1 Rf4 37. Ng4 0-1

[Event "32nd ch-BAN"]
[Site "Dhaka BAN"]
[Date "2006.03.17"]
[Round "7"]
[White "Hossain,Enam"]
[Black "Rahman,SM"]
[Result "1-0"]
[WhiteElo "2468"]
[BlackElo "2273"]
[EventDate "2006.03.10"]

1. e4 c5 2. Nf3 e6 3. d4 cxd4 4. Nxd4 Nc6 5. Nb5 d6 6. Bf4 e5 7. Be3 Be7 8.
N1c3 Be6 9. Nd5 Bxd5 10. exd5 Nb8 11. c4 Nd7 12. Qd2 a6 13. Nc3 Ngf6 14.
Be2 O-O 15. O-O Ne8 16. Kh1 f5 17. f3 a5 18. a3 Nc7 19. Rab1 Bf6 20. Rfd1
Kh8 21. Na4 Na6 22. b4 axb4 23. axb4 Qc7 24. Nc3 Qd8 25. Nb5 Qe7 26. Nc3
Rfc8 27. Rdc1 Qe8 28. Na4 Nc7 29. Nb6 Nxb6 30. Bxb6 Qf7 31. Rd1 Rd8 32. c5
e4 33. Rbc1 Rd7 34. fxe4 dxc5 35. bxc5 fxe4 36. d6 Ne6 37. Bg4 Re8 38. Qd5
e3 39. c6 bxc6 40. Qxc6 h5 41. Be2 Nf4 42. Bb5 e2 43. Qxd7 exd1=Q+ 44. Rxd1
Qxd7 45. Bxd7 Rf8 46. g3 Ng6 47. Bf5 Ne5 48. d7 Nc6 49. Re1 Be7 1-0

[Event "32nd ch-BAN"]
[Site "Dhaka BAN"]
[Date "2006.03.17"]
[Round "7"]
[White "Abdulla,AlR"]
[Black "Rahman,Zia"]
[Result "1-0"]
[WhiteElo "2477"]
[BlackElo "2557"]
[EventDate "2006.03.10"]

1. d4 e6 2. c4 b6 3. a3 Bb7 4. Nc3 g6 5. Nf3 Bg7 6. Bg5 Ne7 7. e3 h6 8. Bh4
d6 9. Bd3 Nd7 10. Be4 Bxe4 11. Nxe4 g5 12. Bg3 f5 13. Nc3 e5 14. h3 e4 15.
Nd2 O-O 16. Qb3 Nf6 17. O-O-O a6 18. c5+ d5 19. cxb6 cxb6 20. Kb1 b5 21.
Be5 Rc8 22. f3 Kh7 23. h4 g4 24. Ne2 Nh5 25. Rc1 Qd7 26. Rxc8 Rxc8 27. f4
Ng6 28. Bxg7 Kxg7 29. Qb4 Ne7 30. Nb3 Nc6 31. Qd2 b4 32. Nc5 Qa7 33. a4 Rb8
34. Nb3 Ne7 35. Rc1 Qd7 36. Nc5 Qd6 37. Rc2 Ng6 38. Qc1 Ne7 39. Nb3 Rb7 40.
Na5 Rd7 41. Rc5 g3 42. Nc6 Nxc6 43. Rxc6 Qe7 44. Rxa6 Rc7 45. Rc6 Rxc6 46.
Qxc6 Qxh4 47. a5 Qh1+ 48. Nc1 Qxg2 49. a6 Qf2 50. a7 g2 51. Qd7+ Kg6 52.
Qe8+ Kh7 53. Qf7+ 1-0

[Event "32nd ch-BAN"]
[Site "Dhaka BAN"]
[Date "2006.03.17"]
[Round "7"]
[White "Hasan,Me"]
[Black "Hossain,Enay"]
[Result "1-0"]
[WhiteElo "2349"]
[BlackElo "2110"]
[EventDate "2006.03.10"]

1. e4 d5 2. exd5 Qxd5 3. Nc3 Qd8 4. d4 Nf6 5. Nf3 Bg4 6. h3 Bh5 7. g4 Bg6
8. Ne5 Be4 9. Nxe4 Nxe4 10. Bg2 Nd6 11. c4 c6 12. O-O Nd7 13. Qb3 Qb6 14.
Qc3 Nxe5 15. dxe5 Nc8 16. e6 fxe6 17. c5 Qc7 18. Re1 a6 19. Qc4 e5 20. b4
g6 21. Bb2 Bg7 22. f4 Na7 23. Rad1 Rd8 24. Rxd8+ Qxd8 25. Bxe5 Bxe5 26.
Rxe5 Nb5 27. a4 Qd4+ 28. Qxd4 Nxd4 29. Kf2 Kd7 30. Re4 Ne6 31. Bf1 Rf8 32.
Kg3 Nc7 33. Bc4 e6 34. h4 Nd5 35. Bb3 Rf6 36. g5 Rf5 37. Bc2 Ne7 38. Bb3
Nd5 39. Bc2 Ne7 40. Kg4 Nd5 41. Bb3 h5+ 42. Kg3 Rf8 43. Bc2 Rg8 44. Rd4 Ke7
45. Kf3 Kf7 46. Ke4 Ke7 47. Ke5 Rg7 48. Be4 Ne3 49. Bd3 Nd5 50. Bf1 Kd7 51.
Bh3 Re7 52. b5 a5 53. Bg2 Rf7 54. Be4 Rg7 55. Bxd5 exd5 56. Kf6 Rg8 57. Kf7
Re8 58. Kxg6 Ke6 59. f5+ Ke5 60. Rd1 Rg8+ 61. Kxh5 Kxf5 62. Rf1+ Ke5 63. g6
d4 64. Kh6 Rh8+ 65. Kg5 1-0

[Event "32nd ch-BAN"]
[Site "Dhaka BAN"]
[Date "2006.03.17"]
[Round "7"]
[White "Murshed,N"]
[Black "Abdul,Mal"]
[Result "1-0"]
[WhiteElo "2460"]
[BlackElo "2233"]
[EventDate "2006.03.10"]

1. e4 c5 2. Nf3 d6 3. Nc3 Nc6 4. d4 cxd4 5. Nxd4 e6 6. Be3 Qc7 7. Ndb5 Qb8
8. g3 a6 9. Nd4 Be7 10. Bg2 Bd7 11. Nb3 b5 12. f4 Qc7 13. O-O Rd8 14. a4 b4
15. Ne2 a5 16. Ned4 Nf6 17. Nb5 Qb8 18. Qe2 O-O 19. Rad1 Ne8 20. c4 bxc3
21. bxc3 Qb7 22. e5 Qb8 23. c4 d5 24. cxd5 exd5 25. Bxd5 Nc7 26. Nxc7 Qxc7
27. Rc1 Qb8 28. Nc5 Nb4 29. Nxd7 Rxd7 30. Bxf7+ Kh8 31. Bc4 Rc7 32. Be6
Rxc1 33. Rxc1 Qb7 34. Qg2 Qa6 35. Bc4 Qg6 36. Qb7 Bh4 37. Bf2 h6 38. Kh1
Bd8 39. Bc5 Re8 40. Bf7 1-0

[Event "32nd ch-BAN"]
[Site "Dhaka BAN"]
[Date "2006.03.17"]
[Round "7"]
[White "Hossain,D"]
[Black "Hasan Md,E"]
[Result "1-0"]
[WhiteElo "2136"]
[BlackElo "2147"]
[EventDate "2006.03.10"]

1. e4 c5 2. Nf3 e6 3. d4 cxd4 4. Nxd4 a6 5. Nc3 Qc7 6. Be2 Nc6 7. Be3 Nf6
8. O-O b5 9. Nxc6 dxc6 10. f4 Be7 11. Bf3 Bb7 12. Qe1 O-O 13. Rd1 Rfd8 14.
Qg3 b4 15. Na4 c5 16. e5 Nd5 17. Bf2 Qa5 18. b3 Bc6 19. Be4 Bxa4 20. Bxd5
Rxd5 21. Rxd5 exd5 22. bxa4 Qxa4 23. f5 Qxc2 24. f6 Bf8 25. Re1 Re8 26. Qf3
gxf6 27. Qxf6 Qg6 28. Qf3 d4 29. h3 Bg7 30. Qd5 Qb6 31. Re4 Rd8 32. Qb3 d3
33. e6 Qd6 34. exf7+ Kf8 35. Re6 Qd5 36. Re8+ Kxf7 37. Rxd8 Qxb3 38. axb3
c4 39. bxc4 b3 40. Rxd3 b2 41. Rb3 a5 42. Bc5 a4 43. Rb7+ Ke6 44. Ba3 h5
45. Bxb2 Bf8 46. Rb5 a3 47. Bxa3 Bxa3 48. Rxh5 1-0

[Event "32nd ch-BAN"]
[Site "Dhaka BAN"]
[Date "2006.03.18"]
[Round "8"]
[White "Abu Sufian,S"]
[Black "Hasan Md,E"]
[Result "0-1"]
[WhiteElo "2278"]
[BlackElo "2147"]
[EventDate "2006.03.10"]

1. e4 d6 2. d4 Nf6 3. Nc3 g6 4. Be3 Bg7 5. Qd2 c6 6. h3 Nbd7 7. Nf3 Qc7 8.
Bh6 O-O 9. Bd3 b5 10. O-O e5 11. dxe5 dxe5 12. a4 b4 13. Ne2 c5 14. b3 a5
15. Ng3 Nb6 16. Bxg7 Kxg7 17. Qg5 Re8 18. Nh4 Ng8 19. Bb5 Rf8 20. Rad1 Be6
21. Nhf5+ Kh8 22. Nd6 f6 23. Qe3 Rad8 24. Nc4 Nxc4 25. bxc4 Rd6 26. Rxd6
Qxd6 27. Qd3 Qxd3 28. cxd3 Rd8 29. Rd1 Ne7 30. Ne2 Nc8 31. Nc1 Nd6 32. Nb3
Nxb5 33. axb5 Bxc4 34. Nxc5 Bxb5 35. f4 a4 36. fxe5 fxe5 37. Kf2 b3 38. Rb1
Rc8 39. Nxb3 axb3 40. Rxb3 Ba6 41. Ke3 Rd8 42. Ra3 Rd6 43. h4 h5 44. Ra5
Rxd3+ 45. Kf2 Rd6 46. Rxe5 Kg7 47. Ke3 Bc4 48. Rg5 Rd3+ 49. Kf4 Kf7 50. g4
hxg4 51. Rxg4 Be6 52. Rg1 Rh3 53. Kg5 Kg7 54. Rg2 Bf7 55. Rc2 Re3 56. Kf4
Re1 57. Rc7 Kf6 58. e5+ Ke6 59. Rc6+ Kd7 60. Ra6 Rf1+ 61. Kg4 Rf5 62. Ra5
Ke6 63. Ra6+ Kxe5 64. Ra5+ Kf6 65. Ra6+ Be6 66. Kg3 Rb5 67. Ra4 Rb3+ 68.
Kf2 Rc3 69. Ra5 Rh3 70. Ra4 Bd5 71. Rf4+ Ke5 72. Rg4 Be4 0-1

[Event "32nd ch-BAN"]
[Site "Dhaka BAN"]
[Date "2006.03.18"]
[Round "8"]
[White "Abdul,Mal"]
[Black "Hossain,D"]
[Result "1/2-1/2"]
[WhiteElo "2233"]
[BlackElo "2136"]
[EventDate "2006.03.10"]

1. e4 e5 2. Nf3 Nc6 3. d4 exd4 4. Bc4 d6 5. Nxd4 Nxd4 6. Qxd4 Nf6 7. Nc3
Be7 8. O-O O-O 9. Bg5 Nh5 10. Bxe7 Qxe7 11. Nd5 Qd8 12. f4 c6 13. Nc3 Be6
14. Be2 Nf6 15. Rad1 Bg4 16. Bxg4 Nxg4 17. h3 Nf6 18. Kh2 Re8 19. Rfe1 Qc7
20. Qxd6 Qb6 21. b4 a5 22. a3 axb4 23. axb4 Ra3 24. Rd3 Qf2 25. Re2 Qh4 26.
Rg3 h5 27. Rd3 Ng4+ 28. Kg1 Ra1+ 29. Nd1 Nf6 30. e5 Nd5 31. Qd7 Qe7 32.
Qxe7 Rxe7 33. Re4 Rb1 34. Rdd4 Nxb4 35. Rxb4 Rxd1+ 36. Kh2 Rd2 37. c4 g6
38. Re3 Rd4 39. Kg3 b5 40. Reb3 bxc4 41. Rc3 g5 42. Rbxc4 gxf4+ 43. Kf3 Rd5
44. Rxc6 Rexe5 45. Kxf4 Rg5 46. Rg3 Rdf5+ 47. Ke4 Rxg3 48. Kxf5 Rxg2 49.
Rh6 Kg7 50. Rxh5 Rf2+ 51. Kg4 Kf6 52. h4 Ke6 53. Rg5 Rf1 54. Ra5 f5+ 55.
Kg3 Rg1+ 56. Kf3 Rf1+ 57. Kg3 Kf6 58. Ra6+ Ke5 59. Ra5+ Ke4 60. Ra4+ Ke5
61. Ra5+ Kf6 62. Ra6+ Ke5 63. Ra5+ 1/2-1/2

[Event "32nd ch-BAN"]
[Site "Dhaka BAN"]
[Date "2006.03.18"]
[Round "8"]
[White "Hossain,Enay"]
[Black "Murshed,N"]
[Result "1/2-1/2"]
[WhiteElo "2110"]
[BlackElo "2460"]
[EventDate "2006.03.10"]

1. d4 Nf6 2. Bg5 Ne4 3. Bf4 c5 4. f3 Nf6 5. d5 e6 6. c4 Nh5 7. Be3 exd5 8.
cxd5 d6 9. Nc3 Be7 10. Bf2 O-O 11. e4 Bd7 12. g4 Nf4 13. h4 b5 14. Qd2 Ng6
15. h5 Ne5 16. Nxb5 Bxb5 17. Bxb5 c4 18. Kf1 a6 19. Ba4 h6 20. Bd4 Bf6 21.
Rc1 Nbd7 22. Bxd7 Qxd7 23. Bxe5 Bxe5 24. Rxc4 Rac8 25. Rxc8 Rxc8 26. Ne2
Qb5 27. b3 Bc3 28. Qd1 Ba5 29. Kg2 Bb6 30. Rf1 Qc5 31. Qc1 Qc2 32. Kg3 Rc7
33. Qxc2 Rxc2 34. Nc1 Be3 35. Nd3 Rxa2 36. f4 Rd2 37. Nb4 a5 38. Nc6 Bb6
39. Rf3 Kf8 40. Rc3 Ke8 41. g5 Re2 42. Kf3 Re1 43. gxh6 gxh6 44. Rd3 f6 45.
Nd4 Bxd4 46. Rxd4 Rb1 47. Rd3 Rg1 48. Rc3 Kd7 49. Rc6 Rb1 50. Ra6 f5 51.
exf5 Rxb3+ 52. Kg4 Rb5 53. Ra7+ Ke8 54. Rh7 a4 55. Rxh6 Ra5 56. Rxd6 a3 57.
Re6+ Kf7 58. Re1 Rxd5 59. Ra1 Ra5 60. h6 Kf6 61. h7 Kg7 62. f6+ Kxh7 63. f5
a2 64. Kg5 Ra3 65. Kf4 Kg8 66. Ke4 Kf7 67. Kd4 Kxf6 68. Kc4 Kxf5 1/2-1/2

[Event "32nd ch-BAN"]
[Site "Dhaka BAN"]
[Date "2006.03.18"]
[Round "8"]
[White "Rahman,Zia"]
[Black "Hasan,Me"]
[Result "1-0"]
[WhiteElo "2557"]
[BlackElo "2349"]
[EventDate "2006.03.10"]

1. Nf3 d5 2. d4 c6 3. c4 Nf6 4. e3 a6 5. Bd3 Bg4 6. h3 Bh5 7. Nc3 e6 8. Qb3
Ra7 9. Bd2 Nbd7 10. a4 a5 11. e4 dxe4 12. Nxe4 Nxe4 13. Bxe4 Nf6 14. Bc2
Bb4 15. Bxb4 axb4 16. Rd1 Qa5 17. O-O O-O 18. Qe3 Raa8 19. b3 Rad8 20. Rfe1
Rd7 21. g4 Bg6 22. Bxg6 hxg6 23. g5 Ne8 24. Qe5 Qd8 25. Qc5 Nd6 26. Qxb4
Nf5 27. Qc5 b6 28. Qxc6 Nxd4 29. Rxd4 Rxd4 30. Nxd4 Qxd4 31. Qe4 Qb2 32.
Qe3 Rd8 33. Qxb6 Rd3 34. Kg2 Rd4 35. Qb8+ Kh7 36. Qe5 f6 37. gxf6 gxf6 38.
Qxe6 Rf4 39. Qe7+ Kh6 40. Qe3 g5 41. Rd1 1-0

[Event "32nd ch-BAN"]
[Site "Dhaka BAN"]
[Date "2006.03.18"]
[Round "8"]
[White "Rahman,SM"]
[Black "Abdulla,AlR"]
[Result "0-1"]
[WhiteElo "2273"]
[BlackElo "2477"]
[EventDate "2006.03.10"]

1. e4 e5 2. Nf3 Nc6 3. Bb5 a6 4. Ba4 Nf6 5. O-O Be7 6. Re1 b5 7. Bb3 d6 8.
c3 O-O 9. h3 Nd7 10. d4 Bf6 11. Be3 Na5 12. Bc2 Nc4 13. Bc1 Bb7 14. Nbd2
Nxd2 15. Bxd2 Re8 16. Be3 exd4 17. Bxd4 c5 18. Bxf6 Nxf6 19. Nd2 Qb6 20. c4
Re6 21. Re3 Rae8 22. Qe2 Nd7 23. a4 Bc6 24. cxb5 axb5 25. Bb3 R6e7 26. axb5
Bxb5 27. Bc4 Bc6 28. Ra6 Qb7 29. Nb3 Qc7 30. Ra1 Rxe4 31. Rxe4 Rxe4 32. Qc2
g6 33. Bb5 Nf6 34. Bxc6 Qxc6 35. Nd2 Re8 36. Nf3 d5 37. Rc1 Rc8 38. Ne5 Qd6
39. Nd3 c4 0-1

[Event "32nd ch-BAN"]
[Site "Dhaka BAN"]
[Date "2006.03.18"]
[Round "8"]
[White "Reefat,S"]
[Black "Hossain,Enam"]
[Result "0-1"]
[WhiteElo "2478"]
[BlackElo "2468"]
[EventDate "2006.03.10"]

1. e4 c5 2. Nc3 Nc6 3. Bb5 Nd4 4. Bc4 g6 5. Nf3 Bg7 6. Nxd4 cxd4 7. Qf3 Nh6
8. Ne2 O-O 9. h3 e6 10. d3 f5 11. Qg3 b5 12. Bb3 Bb7 13. Bg5 Qb6 14. h4
fxe4 15. h5 Nf5 16. Qh3 gxh5 17. dxe4 Bxe4 18. f3 Bb7 19. O-O-O h6 20. Qxh5
Rf7 21. Bf4 Rc8 22. g4 Bxf3 23. Qh3 Bxh1 24. gxf5 Bd5 25. Rg1 Bxb3 26. Qxb3
Qc5 27. fxe6 dxe6 28. Bxh6 Qc4 29. Bxg7 Rxg7 30. Rxg7+ Kxg7 31. Qg3+ Kf7
32. Qf4+ Ke7 33. Nxd4 Rf8 34. Qg5+ Rf6 35. c3 a6 36. Kc2 Qd5 37. Qh4 e5 38.
Nf5+ Ke6 39. Ne3 Qf3 40. Qg5 Qe4+ 41. Kd2 Qf4 42. Qg7 e4 43. Qa7 Qd6+ 44.
Kc2 Rf3 45. Kb3 Kf6 46. a4 Qe6+ 47. Kc2 bxa4 48. Qd4+ Kg6 49. Kd2 a3 50.
bxa3 Qa2+ 51. Kd1 Qb1+ 52. Ke2 Rf6 53. Qd7 Qb5+ 54. Qxb5 axb5 55. c4 bxc4
56. Nxc4 Kf5 57. a4 Kf4 0-1

[Event "32nd ch-BAN"]
[Site "Dhaka BAN"]
[Date "2006.03.18"]
[Round "8"]
[White "Haque,R1"]
[Black "Ahmed,SN"]
[Result "1-0"]
[WhiteElo "2193"]
[BlackElo "2321"]
[EventDate "2006.03.10"]

1. Nf3 Nf6 2. d3 Nc6 3. Bg5 e5 4. e4 Be7 5. Be2 d5 6. Nbd2 Be6 7. c3 O-O 8.
O-O Nd7 9. Bxe7 Qxe7 10. b4 a6 11. a4 f5 12. b5 axb5 13. axb5 Na5 14. Qb1
b6 15. Qb4 Qf6 16. exf5 Bxf5 17. Nb3 Nxb3 18. Rxa8 Rxa8 19. Qxb3 Qd6 20. d4
e4 21. Nd2 Nf6 22. c4 Kh8 23. cxd5 h6 24. f3 Qf4 25. Nxe4 Bxe4 26. fxe4
Qxe4 27. Qb2 Qe3+ 28. Kh1 Ne4 29. g3 Nd2 30. Rd1 Ne4 31. Rf1 Nc3 32. Bf3
Qd3 33. Bg2 Nxb5 34. Qc1 Rg8 35. Rd1 Qe2 36. Re1 Qf2 37. Re7 Qxd4 38. Be4
Ra8 39. Qc6 Qa1+ 40. Kg2 Rf8 41. Rf7 Qb2+ 42. Kh3 Rd8 43. Qd7 Rb8 44. Qf5
Kg8 45. Rd7 g5 46. Qg6+ 1-0

[Event "32nd ch-BAN"]
[Site "Dhaka BAN"]
[Date "2006.03.19"]
[Round "9"]
[White "Ahmed,SN"]
[Black "Abu Sufian,S"]
[Result "0-1"]
[WhiteElo "2321"]
[BlackElo "2278"]
[EventDate "2006.03.10"]

1. e4 c5 2. Nf3 d6 3. d3 Nf6 4. g3 b6 5. Bg2 Bb7 6. O-O e6 7. Re1 Be7 8.
Nbd2 Nbd7 9. Nf1 O-O 10. h3 Qc7 11. g4 e5 12. c4 Rfb8 13. g5 Ne8 14. Ne3 g6
15. h4 Ng7 16. Ng4 Ne6 17. Nfh2 f6 18. Nh6+ Kg7 19. Qg4 Ndf8 20. Qg3 fxg5
21. hxg5 Qd8 22. Nf3 Qc7 23. b3 Bd8 24. Bb2 Nd4 25. Nxd4 cxd4 26. f4 Ne6
27. Rf1 Qe7 28. Nf5+ gxf5 29. exf5 Nxg5 30. fxe5 Qxe5 31. Qg4 Qe3+ 32. Kh2
Bf6 33. Rae1 Be5+ 34. Kh1 Qh3+ 35. Qxh3 Nxh3 36. Bc1 Kf6 37. Bxb7 Rxb7 38.
Rf3 Ng5 39. Bxg5+ Kxg5 40. f6 Kg4 41. Rf2 h5 42. f7 Rf8 43. Ref1 Kg5 44.
Rf3 Kg6 45. Rg1+ Kh6 46. Rgf1 Re7 47. R3f2 Re6 48. b4 Kg7 49. Rf5 Rf6 0-1

[Event "32nd ch-BAN"]
[Site "Dhaka BAN"]
[Date "2006.03.19"]
[Round "9"]
[White "Hossain,Enam"]
[Black "Haque,R1"]
[Result "1-0"]
[WhiteElo "2468"]
[BlackElo "2193"]
[EventDate "2006.03.10"]

1. e4 d6 2. d4 Nf6 3. f3 c6 4. c4 e5 5. d5 cxd5 6. cxd5 Be7 7. Nc3 O-O 8.
Be3 Ne8 9. Qd2 f5 10. exf5 Bxf5 11. Nge2 Nd7 12. Ng3 Bg6 13. Bd3 Bxd3 14.
Qxd3 Bg5 15. Bf2 Nc5 16. Bxc5 dxc5 17. Nge4 Be7 18. O-O-O Bd6 19. Kb1 a6
20. Rhe1 Nf6 21. Ng5 Qd7 22. g4 b5 23. Nce4 Nxe4 24. Qxe4 g6 25. Ne6 Rfc8
26. h4 c4 27. Rc1 a5 28. h5 Qf7 29. Rh1 Bf8 30. Qxe5 Qxf3 31. Rcf1 Qd3+ 32.
Ka1 Bh6 33. g5 c3 34. gxh6 cxb2+ 35. Qxb2 Rc3 36. Qf2 1-0